Loading...
| Philosophy | 0 | 5 | 0 | 0 | 50 | 90 | 107.60 | 1 | 2 | 0.00 | 0.00 |
| Literature - World | 0 | 4 | 0 | 0 | 40 | 123 | 131.75 | 0 | 1 | 0.00 | 0.00 |
| Literature - American | 0 | 4 | 2 | 0 | 30 | 87 | 124.50 | 0 | 1 | 0.00 | 0.00 |
| Fine Arts - Other | 0 | 3 | 0 | 0 | 30 | 71 | 101.33 | 0 | 2 | 0.00 | 0.00 |
| Literature - European | 0 | 3 | 0 | 0 | 30 | 119 | 139.67 | 0 | 0 | 0.00 | 0.00 |
| Social Science | 0 | 4 | 4 | 0 | 20 | 80 | 94.25 | 1 | 2 | 0.00 | 0.00 |
| History - World | 0 | 2 | 0 | 1 | 20 | 121 | 121.00 | 0 | 0 | 0.00 | 0.00 |
| Mythology | 0 | 2 | 0 | 1 | 20 | 115 | 125.00 | 0 | 0 | 0.00 | 0.00 |
| Science - Biology | 0 | 2 | 0 | 1 | 20 | 107 | 121.00 | 0 | 0 | 0.00 | 0.00 |
| Fine Arts - Classical Music | 0 | 2 | 0 | 1 | 20 | 133 | 138.50 | 0 | 0 | 0.00 | 0.00 |
| Other | 0 | 2 | 1 | 2 | 15 | 99 | 114.00 | 0 | 1 | 0.00 | 0.00 |
| Religion | 0 | 2 | 1 | 1 | 15 | 124 | 134.50 | 0 | 0 | 0.00 | 0.00 |
| History - American | 0 | 2 | 2 | 1 | 10 | 99 | 118.00 | 0 | 1 | 0.00 | 0.00 |
| Science - Other | 0 | 1 | 0 | 1 | 10 | 127 | 127.00 | 0 | 0 | 0.00 | 0.00 |
| History - Other | 0 | 1 | 0 | 0 | 10 | 84 | 84.00 | 0 | 1 | 0.00 | 0.00 |
| Literature - British | 0 | 1 | 0 | 0 | 10 | 129 | 129.00 | 0 | 0 | 0.00 | 0.00 |
| Science - Physics | 0 | 1 | 0 | 0 | 10 | 128 | 128.00 | 0 | 0 | 0.00 | 0.00 |
| Fine Arts - Painting & Sculpture | 0 | 1 | 1 | 0 | 5 | 136 | 136.00 | 0 | 0 | 0.00 | 0.00 |
| History - European | 0 | 1 | 1 | 0 | 5 | 112 | 112.00 | 0 | 0 | 0.00 | 0.00 |